000 01258nam a22001697a 4500
005 20230626125924.0
008 220302b ||||| |||| 00| 0 eng d
020 _a9789988545000
050 _aREF
245 _aGhana legal system and legal methods : a core text book for LLB students. /
_cErnest Owusu-Dapaa and Nicholas Freduah Kwarteng.
260 _aAccra :
_bMajor Dadzie Books,
_c2019.
300 _axxiiii, 352 p. :
_c25 cm.
500 _aIncludes index.
505 _aContents : Part one : Legal system : General introduction -- Classification / division of law -- Sources of law -- The Courts and the practitioners -- An overview of the criminal procedure in Ghana -- The civil justice system -- Alternative dispute resolution -- Access to justice and legal aid in Ghana -- Part Two : Legal method : The doctrine of judicial precedent (stare decisis) -- Teaching case analysis : the solomon's judgement as case study -- Theories of law -- Statutory interpretation -- Legal english : rules of good writing -- Writing style : referencing citation, parenthetical and punctuation -- Brevity as persuasion tool -- Legal reasoning -- Basic introduction to selected disciplines of law.
700 _aKwarteng, Nicholas Freduah.
_91892
942 _2ddc
_cBK
999 _c8864
_d16364